| 000 | 00725nam a2200217Ia 4500 | ||
|---|---|---|---|
| 005 | 20241216010314.0 | ||
| 008 | 180423s9999||||xx |||||||||||||| ||und|| | ||
| 082 |
_a349 _bI454 |
||
| 100 | _aINKARI | ||
| 245 | 0 |
_aLEY DE INVERSION PRIVADA _bTENENCIA DE TIERRAS DEL TERRITORIO NACIONAL, COMUNIDADES CAMPESINAS Y NATIVAS |
|
| 250 | _a1 | ||
| 260 |
_aLIMA-PERU _bINKARI _c1995 |
||
| 300 |
_a41 pag. _c18 cm |
||
| 341 | _h0 | ||
| 490 |
_v0 _a0 |
||
| 505 | _aLEY GENERAL DE COMUNIDADES CAMPESINAS/LEY DE DELIDE Y TITULACION/RECONOCEN RONDAS CAMPESINAS/ESTATUTO ESPECIAL DE COMUNIDADES CAMPESINAS | ||
| 541 |
_aD _bBUSTAMANTE ROBLES CESAR _d16-Apr-08 |
||
| 650 | _aCIENCIAS SOCIALES | ||
| 856 | _zHumanidades | ||
| 942 | _cLIBRO | ||
| 999 |
_c10947 _d10947 |
||